000 00298nam a22001337a 4500
020 _a0-521-08033-9
082 _a823
_bCHA/M
100 _aCHAUCER
245 _aTHE MILLER'S PROLOGUE AND TALE
260 _aLONDON
_bCAMBRIDGE
_c1995
300 _a99
650 _aNOVEL
_zUNITED KINGDOM
942 _cBK
999 _c2996
_d2996